Responses for Show #7570 - Friday, July 7, 2017

Jon Eisenman game 6.

Contestants

[<< previous game]

Susan Corica, a journalist from Waterbury, Connecticut

Josh Hamilton, a physician from Pearland, Texas

Jon Eisenman, an attorney from Los Angeles, California (whose 5-day cash winnings total $103,902)

[next game >>]

Jeopardy! Round responses

HOW GREEN IS MY VALLEY
THEATER
TRANSPORTATION IDIOMS
LARRY
CURLY
MO-POURRI
    $200 5
Annapolis

Jon
    $200 28
Aladdin

Jon
    $200 18
asleep at the wheel

Jon
    $200 13
the Celtics

Josh
    $200 6
Hong Kong

Susan
    $400 4
Napa

Jon
    $400 27
Eliza Doolittle

Susan
    $400 17
a train of thought

Jon
    $400 10
Larry David

Jon
    $400 29
[The end-of-round signal sounds.]

in the middle of her forehead

Susan
    $400 7
Africa

Susan
    $600 1
(Jon: What is Kauai?)
(Josh: What is Oahu?)

Maui

JonJosh
Triple Stumper
    $600 26
Our Town

Susan
    $600 16
putting the cart before the horse

Susan
    $600 9
Oracle

Jon
    $600 19
(Susan: What is a cockapoo?)
(Jon: What is a goldendoodle?)

labradoodle

JonJoshSusan
    $600 8
Japan

Josh
    $800 2
the Willamette Valley

Jon
    $800 25
Tevye

Susan
    $800 14
the beaten path

Jon
    $800 11
Laurence Fishburne

Jon
    $800 23
(Alex: Less than a minute now.)

surfing

Susan
    $800 20
modus operandi

Josh
    $1000 3
Portugal

Jon
    $1000 24
an ape

Jon
    $1000 15
a flight of fancy

Jon
    $1000 12
Larry Mullen Jr.

Triple Stumper
    $1000 22
CoverGirl

Josh
    $1000 21
(Josh: What is the Missouri?)
(Susan: What is Old Ironsides?)
...
(Alex: Josh had the right battleship but not the 2-word nickname--[*].)

the Mighty Mo

JoshSusan
Triple Stumper

Scores at the first commercial break (after clue 15):

Jon Josh Susan
$5,400 $200 $600

Scores at the end of the Jeopardy! Round:

Jon Josh Susan
$6,600 $1,600 $2,600

Double Jeopardy! Round responses

FRANCE VS. EVERYBODY
BOOKS BY TV PERSONALITIES
I AM A BUDDHIST
DAY-"O"
STAR TALK
ANA: ANOTHER NEW ACRONYM
    $400 10
Drew Carey

Triple Stumper
    $400 27
Oscar the Grouch

Josh
    $400 22
the Zodiac

Susan
    $400 18
shaking my head

Jon
    $800 3
Prussia

Josh
    $800 9
Larry Sanders

Josh
    $800 28
[The end-of-round signal sounds.]

Zen

Susan
    $800 26
(Josh: What are orphan brides?)

old maids

Josh
Triple Stumper
    $800 21
a dwarf

Josh
    $800 17
a doctor

Jon
    $1200 4
the Seven Years' War

Josh
    $1200 8
Fran Drescher

Jon
    $1200 19
incense

Susan
    $1,200 24
(Alex: And we have less than a minute to go now.)

osteoporosis

Jon
    $3,000 20
a binary system (or binary star)

Susan
    $1200 14
ask me anything

Jon
    $1600 5
Agincourt

Susan
    $1600 1
Barbara Eden

Susan
    $1600 6
eat

Josh
    $1600 23
Oklahoma

Jon
    $1600 12
(Susan: What is a cat's eye?)

a cat's paw

JonSusan
    $1600 15
(Susan: Who is your girlfriend?)

before anyone else

Susan
Triple Stumper
    $2000 13
(Jon: What is The Hague?)

the Treaty of Utrecht

Jon
Triple Stumper
    $2000 2
Nick Offerman

Jon
    $2000 7
the Bardo

Jon
    $2000 25
(Susan: What is Epiphany?)

Orthodox Christmas

Susan
Triple Stumper
    $2000 11
(Jon: Who is Copernicus?)
(Josh: Who is... Kepler?)

(Tycho) Brahe

JonJoshSusan
    $2000 16
man crush

Triple Stumper

Scores at the end of the Double Jeopardy! Round:

Jon Josh Susan
$14,600 $4,400 $8,000

[wagering suggestions for these scores]

Final Jeopardy! Round responses

PEOPLES OF THE WORLD
JoshWho are the Inuit?
$4,400
SusanWho are the Inuit Laplanders
$7,995
JonWho are the Finns/Oulo?
$1,401
the Laplanders (or Lapps or Sami)

Final scores:

Jon Josh Susan
$13,199 $0 $15,995
2nd place: $2,000 3rd place: $1,000 New champion: $15,995

Game dynamics:

Coryat scores:

Jon Josh Susan
$14,600 $4,400 $6,200
22 R
(including 2 DDs),
4 W
11 R,
4 W
15 R
(including 1 DD),
5 W

Combined Coryat: $25,200

[game clues] [game scores] [suggest correction]

Game tape date: Unknown
The J! Archive is created by fans, for fans. Scraping, republication, monetization, and malicious use prohibited; this site may use cookies and collect identifying information. See terms. The Jeopardy! game show and all elements thereof, including but not limited to copyright and trademark thereto, are the property of Jeopardy Productions, Inc. and are protected under law. This website is not affiliated with, sponsored by, or operated by Jeopardy Productions, Inc. Join the discussion at JBoard.tv.